| 000 | 03758cam a2200397 i 4500 | ||
|---|---|---|---|
| 001 | 20333442 | ||
| 003 | OSt | ||
| 005 | 20260318121748.0 | ||
| 008 | 180201s2018 cau 000 0 eng | ||
| 010 | _a 2018003687 | ||
| 020 |
_a9781523095568 _qpaperback |
||
| 035 | _a20333442 | ||
| 040 |
_aDLC _beng _cDLC _erda _dDLC |
||
| 042 | _apcc | ||
| 050 | 0 | 0 |
_aHM756 _b.B56 2018 |
| 082 | 0 | 0 |
_a307 _223 |
| 084 |
_aBUS085000 _aSOC026000 _aSOC005000 _2bisacsh |
||
| 100 | 1 |
_aBlock, Peter, _eauthor. |
|
| 245 | 1 | 0 |
_aCommunity : _bthe structure of belonging / _cPeter Block. |
| 250 | _aSecond Edition Revised and Updated. | ||
| 264 | 1 |
_aOakland : _bBerrett-Koehler Publishers Inc. a BK Business book, _c2018. |
|
| 300 |
_axix, 229 pages ; _c23 cm |
||
| 336 |
_atext _btxt _2rdacontent |
||
| 337 |
_aunmediated _bn _2rdamedia |
||
| 338 |
_avolume _bnc _2rdacarrier |
||
| 500 | _aRevised edition of the author's Community, c2008. | ||
| 520 |
_a"The expanded and revised edition of Community tackles the hysteric rise of isolation and fear in a digitally interconnected world. In the second edition of Community, author Peter Block offers practical advice and uplifting stories as a way to reject the increasing pull towards isolation and fear of the stranger in a new world of constant connection. This book explores the benefits of community and belonging to foster social change and reconciliation. As we continue to find new ways of being in constant connection with each other through technology, our workplaces are depopulated and we face growing trends of fundamentalism and nationalism, our fear of the stranger deepens. Block challenges this mindset and proves that community and the structure of belonging has the power to bring about positive social change when supported by the frameworks of compassion, equity and respect for the other. Backed by extensive research, this updated and expanded edition illuminates successful stories of community building as a form of healing. Covering stories about political gridlocks, poverty, people of faith, to institutional life, this revolutionary book offers a compelling argument of why we need community now more than ever"-- _cProvided by publisher. |
||
| 520 |
_a"In the second edition of Community, author Peter Block offers practical advice and uplifting stories as a way to reject the increasing pull towards isolation and fear of the stranger in a new world of constant connection. This book explores the benefits of community and belonging to foster social change and reconciliation. As we continue to find new ways of being in constant connection with each other through technology, our workplaces are depopulated and we face growing trends of fundamentalism and nationalism, our fear of the stranger deepens. Block challenges this mindset and proves that community and the structure of belonging has the power to bring about positive social change when supported by the frameworks of compassion, equity and respect for the other. Backed by extensive research, this updated and expanded edition illuminates successful stories of community building as a form of healing. Covering stories about political gridlocks, poverty, people of faith, to institutional life, this revolutionary book offers a compelling argument of why we need community now more than ever"-- _cProvided by publisher. |
||
| 650 | 0 | _aCommunities. | |
| 650 | 7 |
_aBUSINESS & ECONOMICS / Organizational Behavior. _2bisacsh |
|
| 650 | 7 |
_aSOCIAL SCIENCE / Sociology / General. _2bisacsh |
|
| 650 | 7 |
_aSOCIAL SCIENCE / Customs & Traditions. _2bisacsh |
|
| 906 |
_a7 _bcbc _corignew _d1 _eecip _f20 _gy-gencatlg |
||
| 942 |
_2lcc _cBK |
||
| 999 |
_c21548 _d21547 |
||